Flags - Statistics

General Stats
  • This quiz has been taken 15 times
  • The average score is 9 of 16
Answer Stats
Picture Answer % Correct
Denmark
100%
Poland
87%
Belgium
67%
Iceland
67%
Netherlands
67%
Austria
60%
Estonia
60%
Guyana
60%
Zimbabwe
60%
Congo
53%
New Zealand
53%
Fiji
47%
Peru
47%
Kasakstan
20%
Usbekistan
20%
Flaklands islands
7%
No matching quizzes found
Score Distribution
Percent of People with Each Score
Percentile by Number Answered
Your Score History
You have not taken this quiz